| 000 | 00890nam a22002777a 4500 | ||
|---|---|---|---|
| 001 | 00180 | ||
| 003 | DO-SdBNP | ||
| 005 | 20180417083124.0 | ||
| 007 | 00182 | ||
| 008 | 160413b dr 1998||||| |||| 00| 0 spa d | ||
| 040 |
_aBPMSU _bspa _cBPMSU |
||
| 092 |
_a372.7 _bL937m 8vo 1998 |
||
| 100 | 1 | _aLuciano Sang, Margarita, de | |
| 245 | 1 |
_aMatemática 2000 - 8: _beducación básica / _cMargarita Luciano de Sang |
|
| 260 |
_aSanto Domingo : _bSusaeta, _c1998. |
||
| 300 |
_a128 p. : _bil., _c27 cm. |
||
| 650 | 4 |
_aMATEMÁTICAS _xENSEÑANZA BÁSICA |
|
| 650 | 4 |
_aMATEMÁTICAS _xEDUCACIÓN PRIMARIA |
|
| 650 | 4 |
_aMATEMÁTICAS _xLIBROS DE TEXTOS |
|
| 650 | 4 |
_aMATEMÁTICAS _xESTUDIOS Y EJERCICIOS |
|
| 650 | 4 |
_aEDUCACIÓN PRIMARIA _zREPÚBLICA DOMINICANA |
|
| 910 | _aValidado. Control de calidad MFF | ||
| 942 |
_2ddc _cBK |
||
| 945 | _ainventariado, 2018 / dg | ||
| 956 | _aBrenda Tavárez | ||
| 999 |
_c9733 _d9733 |
||